00837 2200313 4500001002100000005001500021035002000036007000300056040001700059100002600076245007000102250001000172300004200182020002200224041000800246082000800254084001400262090001900276264003400295336002100329337003000350338002300380500001900403650002000422850001000442008004100452990001500493990001500508INLIS00000000000606720260419065535 a0010-0322000311ta aSBPUPADbInd0 aMoch imronePengarang1 aBahan Ajar Mahasiswa :bCara Mudah Menyusun Skripsi /cMoch imron aCet.1 aviii, 106 hlm. :bilus. ;c15,5x24 cm a978-602-8674-47-8 aInd a370 a370 IMR c a370 IMR c 14-1 aJakarta :bSagung Seto,c2011 2rdacontentaTeks 2rdamediaaTanpa Perantara 2rdacarrieravolume aProfil Penulis 4aMenysun Skripsi aPUPAD260419 0  a856/B/2013 a857/B/2013